Vista normal
Vista MARC
Entrada Personal Name
Número de registros utilizados en: 2
001 - CONTROL NUMBER
- control field: 68223
003 - CONTROL NUMBER IDENTIFIER
- control field: OSt
005 - DATE AND TIME OF LATEST TRANSACTION
- control field: 20260120223146.0
008 - FIXED-LENGTH DATA ELEMENTS
- fixed length control field: 260120|| aca||aabn | a|a d
040 ## - CATALOGING SOURCE
- Original cataloging agency: OSt
- Transcribing agency: OSt
100 ## - HEADING--PERSONAL NAME
- Personal name: Varela Corredor, Daniel
670 ## - SOURCE DATA FOUND
- Source citation: Work cat.: (OSt)60292: Las compañías Chocó Pacífico y Tropical Oil a comienzos del siglo XX :